000 00700nam a2200193Ia 4500
008 151121s9999||||xx |||||||||||||| ||und||
082 _aबा। वि।
082 _bHNW-73061
100 _aजोशी द। दा।
245 _aक्रांतीकारकांच्या कथा-2
260 _b"मॅजेस्टिक प्रकाशन, मुंबई।"
260 _c--
300 _a171
600 _aजोशी द। दा।
630 _aक्रांतीकारकांच्या कथा-2
700 _aजोशी द। दा।
730 _aक्रांतीकारकांच्या कथा-2
942 _cBOOK
999 _c1254520
_d1254517